00635nam a2200193Ia 4500008004100000020000700041082001500048100002700063245005100090250000700141260004300148300003000191500002100221600002100242650005000263942000700313952010600320999001500426240925s9999 xx 000 0 und d aNA a006.66 SYM aSymentec Corporation - 0aSymantec Visual Cafe for Java: getting started aNA aArizona:bSymantec Corporationc,1997. axxiii,405p.bNAfOriginal aInclude Appendix aComputer Science aComputer science, information & general works cBK 001040708CSaUITUbUITUd2001-04-11eNAl0o006.66 SYMpQ3562r2024-09-25 07:13:11w2024-09-25yBK c6061d6061